00452nam a2200193 a 4500001001300000003000900013005001700022008004100039020001000080082001600090100001600106245001800122260002000140300000800160500003500168505001400203650002500217700001600242nice12345678IN_TiNIC20260116011309.0050524s1934 leba grp 000 0 ara  ac10000a297.2bGHA1 aGhazali, Al aKitabut-Tauba aLebanonbc1934 a40p aincludes index and biblioraphy2 areference aIslam-Doctrine-Tauba1 aGhazali, Al